Race, Ethnicity, and Citizenship: A Roundtable Discussion (Record no. 508570)
[ view plain ]
| 000 -CABECERA | |
|---|---|
| Campo de control de longitud fija | 00514nab a2200157Ia 4500 |
| 003 - IDENTIFICADOR DEL NÚMERO DE CONTROL | |
| Campo de control | ES-SlBCS |
| 005 - FECHA Y HORA DE LA ÚLTIMA TRANSACCIÓN | |
| Campo de control | 20210601124047.0 |
| 008 - CÓDIGOS DE INFORMACIÓN DE LONGITUD FIJA | |
| Campo de control de longitud fija | 140529s2002 xxu||||| |||| 00| 0 eng d |
| 041 ## - CÓDIGO DE LENGUA | |
| Código de lengua del texto/banda sonora o título independiente | eng |
| 100 1# - PUNTO DE ACCESO PRINCIPAL-NOMBRE DE PERSONA | |
| Nombre de persona | Burawoy, Michael |
| 9 (RLIN) | 134349 |
| 245 00 - MENCIÓN DE TÍTULO | |
| Título | Race, Ethnicity, and Citizenship: A Roundtable Discussion |
| Mención de responsabilidad, etc. | Michael Burawoy, Gillian Hart |
| 650 04 - PUNTO DE ACCESO ADICIONAL DE MATERIA-TÉRMINO DE MATERIA | |
| Término de materia o nombre geográfico como elemento inicial | Raza-Etnia |
| 9 (RLIN) | 134493 |
| 700 1# - PUNTO DE ACCESO ADICIONAL-NOMBRE DE PERSONA | |
| Nombre de persona | Hart, Gillian |
| 9 (RLIN) | 134494 |
| 773 0# - ENLACE AL DOCUMENTO FUENTE | |
| Título | Berkeley Journal of Sociology |
| Parte(s) relacionada(s) | vol. 46, nº. 46, 2002, págs. 155-169 |
| Número de control del registro relacionado | Rev1389 |
| 942 ## - ENTRADA DE ELEMENTOS AGREGADOS (KOHA) | |
| Koha [por defecto] tipo de item | Artículos de revista |
| Suprimido | Perdido | Estropeado | No para préstamo | Localización permanente | Localización actual | Localización en estantería | Fecha adquisición | Préstamos totales | Fecha última consulta | Fecha del precio de reemplazo | Tipo de item de Koha |
|---|---|---|---|---|---|---|---|---|---|---|---|
| San Esteban | San Esteban | Depósito de revistas | 11/07/2014 | 11/07/2014 | 11/07/2014 | Artículos de revista |
